Guess the Marcus and Martinus song with no hints - Statistics

General Stats
  • This quiz has been taken 44 times
  • The average score is 99 of 260
Answer Stats
Answer % Correct
you
83%
You
83%
I
73%
i
73%
girl
67%
me
60%
on
60%
to
60%
the
57%
an
53%
in
53%
make
53%
We
53%
we
53%
And
50%
do
43%
it
43%
one
43%
One
43%
want
43%
with
43%
out
40%
baby
37%
is
37%
its
37%
this
37%
all
33%
can
33%
got
33%
my
33%
up
33%
world
33%
Five
30%
for
30%
four
30%
Four
30%
get
30%
more
30%
More
30%
second
30%
three
30%
Three
30%
time
30%
too
30%
two
30%
Two
30%
at
27%
could
27%
down
27%
room
27%
so
27%
So
27%
take
27%
Yeah
27%
But
23%
Don't
23%
Im
23%
moving
23%
of
23%
that
23%
Can't
20%
fast
20%
just
20%
life
20%
look
20%
mind
20%
now
20%
now?
20%
really
20%
slow
20%
wish
20%
away
17%
gotta
17%
Hands
17%
let
17%
moment
17%
another
13%
clock
13%
count
13%
Every
13%
every
13%
How
13%
last
13%
Living
13%
stay
13%
day
10%
from
10%
way
10%
won't
10%
dreaming
7%
leave
7%
night
7%
No matching quizzes found
Score Distribution
Percent of People with Each Score
Percentile by Number Answered
Your Score History
You have not taken this quiz